000 00726cam a22002533a 4500
001 1036
003 PGUSA
005 20140828082956.0
008 970901s1997||||xxu|||||s|||||000 1 eng d
040 _aPGUSA
_beng
042 _adc
050 4 _aPR
100 1 _aLawson, Henry,
_d1867-1922
245 1 0 _aJoe Wilson and His Mates
_h[electronic resource] /
_cHenry Lawson
260 _bProject Gutenberg,
_c1997
506 _aPublic domain in the USA.
516 _aElectronic text
653 _aFrontier and pioneer life -- Australia -- Fiction
653 _aAustralia -- Fiction
653 _aHistorical fiction
830 0 _aProject Gutenberg
_v1036
856 4 0 _uhttp://www.gutenberg.org/ebooks/1036
942 _cEB
999 _c230387
_d230387